[Event "Dortmunder SV 1 - SV Königsspringer Ham"]
[Site "Regionalliga 2017/2018"]
[Date "2017.12.10"]
[Round "4.3"]
[White "Dargel, Manuel"]
[Black "Huettemann, Karl-Heinz"]
[Result "0-1"]
[WhiteElo "2150"]
[BlackElo "1965"]
[Annotator "Daniel"]
[PlyCount "120"]
[EventDate "2017.??.??"]

1. c4 Nf6 2. Nc3 e6 3. e4 d5 4. e5 d4 5. exf6 dxc3 6. bxc3 Qxf6 7. d4 Qd8 8.
Nf3 Be7 9. Bd3 Nd7 10. O-O h6 11. Re1 O-O 12. c5 c6 13. Qe2 Nf6 14. Ne5 Bd7 15.
Bd2 b6 16. cxb6 axb6 $11 17. Qf3 c5 18. Qg3 Kh8 19. Qh3 Ng8 20. Re2 Be8 21. Be3
Ra3 22. Rc1 Ra4 23. Bb1 c4 24. Rd1 b5 25. Red2 Ra6 26. g4 f6 27. Ng6+ Bxg6 28.
Bxg6 Qa8 29. Bb1 Qd5 30. Re2 f5 31. Bf4 fxg4 32. Qxg4 Nf6 33. Qh3 Qh5 34. Qxh5
Nxh5 35. Bd2 Nf4 36. Bxf4 Rxf4 37. Kg2 Kg8 38. Rde1 Kf7 39. Rb2 Rb6 40. f3 Ba3
41. Rbe2 b4 42. Kg3 g5 43. d5 exd5 44. Re7+ Kf8 45. Ra7 Rbf6 46. Ra8+ Kg7 47.
Re7+ Rf7 48. Rxf7+ Kxf7 49. Ra4 bxc3 50. Rxa3 d4 51. Bc2 Ke7 52. Ra6 d3 53. Ra3
dxc2 54. Rxc3 Kd6 55. Rxc2 Kc5 56. Re2 c3 57. Re8 Kc4 58. Rc8+ Kd3 59. Rd8+ Rd4
60. Rc8 c2 0-1

[Event "Dortmunder SV 1 - SV Königsspringer Ham"]
[Site "Regionalliga 2017/2018"]
[Date "2017.12.10"]
[Round "4.4"]
[White "Brockmann, Fabian"]
[Black "Prueß, Wilfried"]
[Result "1/2-1/2"]
[WhiteElo "1965"]
[BlackElo "2052"]
[PlyCount "49"]
[EventDate "2017.??.??"]

1. e4 c5 2. b3 Nc6 3. Bb2 d6 4. Bb5 Bd7 5. f4 Nf6 6. Bxc6 Bxc6 7. d3 e6 8. Nf3
Be7 9. O-O O-O 10. c4 d5 11. cxd5 exd5 12. e5 Ng4 13. Qe2 Nh6 14. Na3 b5 15.
Nc2 a5 16. Nd2 Qd7 17. Ne3 f6 18. d4 fxe5 19. fxe5 b4 20. Qh5 Bb5 21. Rf3 Rxf3
22. Qxf3 Rd8 23. Rc1 cxd4 24. Bxd4 Bg5 25. Qg3 1/2-1/2

[Event "Dortmunder SV 1 - SV Königsspringer Ham"]
[Site "Regionalliga 2017/2018"]
[Date "2017.12.10"]
[Round "4.5"]
[White "Kauder, Hartmut"]
[Black "Wolff, Torsten"]
[Result "1/2-1/2"]
[WhiteElo "2127"]
[BlackElo "1893"]
[PlyCount "127"]
[EventDate "2017.??.??"]

1. c4 e5 2. Nc3 Bb4 3. g3 Bxc3 4. bxc3 Nc6 5. Bg2 Nge7 6. Nf3 O-O 7. O-O d6 8.
d4 Rb8 9. Qa4 a6 10. Rd1 e4 11. Nd2 f5 12. f3 d5 13. cxd5 Nxd5 14. Nf1 Kh8 15.
Qc2 exf3 16. Bxf3 Nf6 17. Bb2 Qe8 18. c4 Bd7 19. Qc3 Qg6 20. d5 Nd8 21. Rd4 Nf7
22. Rf4 Ng5 23. Bg2 Rbe8 24. Re1 Nge4 25. Qd4 c5 26. Qd3 Nh5 27. Rh4 Kg8 28.
Nd2 Nd6 29. Nf3 Re7 30. Ne5 Qe8 31. Nxd7 Rxd7 32. e4 fxe4 33. Bxe4 Nxe4 34.
Rhxe4 Qg6 35. Qe2 Nf6 36. Re6 b5 37. Rxa6 bxc4 38. Qxc4 Qg5 39. d6+ Kh8 40. Qf4
Qxf4 41. gxf4 Nd5 42. Be5 Kg8 43. Re4 Rdf7 44. Rc6 Nf6 45. Re2 Nd7 46. Rc7 Re8
47. h4 Nxe5 48. Rxe5 Rd8 49. Rd5 Rxf4 50. d7 Kf7 51. Rdxc5 Rxh4 52. Rd5 Ke6 53.
Rd2 Rh5 54. Rc6+ Ke7 55. Rcd6 Ra5 56. R6d3 g5 57. Re3+ Kf7 58. Rf2+ Kg6 59. Re7
Ra7 60. Rff7 h5 61. Rg7+ Kf6 62. Rgf7+ Kg6 63. Rg7+ Kf6 64. Rgf7+ 1/2-1/2

[Event "Dortmunder SV 1 - SV Königsspringer Ham"]
[Site "Regionalliga 2017/2018"]
[Date "2017.12.10"]
[Round "4.7"]
[White "Przybela, Franz"]
[Black "Bryjak, Hans Guenther"]
[Result "1/2-1/2"]
[WhiteElo "1645"]
[BlackElo "1943"]
[PlyCount "33"]
[EventDate "2017.??.??"]

1. d4 d5 2. Nf3 Nf6 3. c4 e6 4. Bg5 h6 5. Bh4 Be7 6. e3 O-O 7. Bd3 dxc4 8. Bxc4
c5 9. O-O cxd4 10. Qxd4 Nc6 11. Qxd8 Rxd8 12. Nc3 Bd7 13. Rfd1 Be8 14. h3 a6
15. Rac1 Rxd1+ 16. Rxd1 Rd8 17. Rxd8 1/2-1/2

[Event "Dortmunder SV 1 - SV Königsspringer Ham"]
[Site "Regionalliga 2017/2018"]
[Date "2017.12.10"]
[Round "4.8"]
[White "Lanwehr, Klaus"]
[Black "Schwinde, Helmut"]
[Result "1/2-1/2"]
[WhiteElo "1781"]
[BlackElo "1268"]
[Annotator "Daniel"]
[PlyCount "101"]
[EventDate "2017.??.??"]

1. d4 Nf6 2. c4 d6 3. Nf3 g6 4. Nc3 Bg7 5. g3 O-O 6. Bg2 Nh5 7. O-O e5 8. Bg5
f6 9. Bd2 f5 10. dxe5 dxe5 11. Qb3 Nc6 12. c5+ Kh8 13. Rfd1 Qe8 14. e3 Rb8 15.
Nd5 Be6 16. Ng5 Bg8 17. Bc3 h6 18. Nf3 Ne7 19. Nxe5 c6 20. Nxe7 Bxb3 21. N7xg6+
Kh7 22. Nxf8+ Qxf8 23. axb3 Bxe5 24. Bxe5 Rd8 25. Rxd8 Qxd8 26. Rxa7 Qd1+ 27.
Bf1 Qxb3 28. Bd4 Kg6 29. Ra8 Nf6 30. f3 Kf7 31. Kf2 Nd5 32. Rh8 Kg6 33. Rg8+
Kf7 $11 34. Rg7+ Ke8 35. Rh7 Nb4 36. Rxh6 Qc2+ 37. Kg1 Qd1 38. Kg2 Nd3 39. Rh8+
Kf7 40. Rh7+ Ke6 41. Bxd3 Qxd3 42. Rh6+ Kd5 43. e4+ fxe4 44. Rd6+ Kc4 45. fxe4
Qxe4+ 46. Kf2 Qc2+ 47. Kg1 Qd1+ 48. Kf2 Qd2+ 49. Kf3 Qxh2 50. g4 b6 51. Bc3
1/2-1/2

[Event "SV Horst-Emscher 1 - SV Welper 1"]
[Site "Regionalliga 2017/2018"]
[Date "2017.12.10"]
[Round "4.1"]
[White "Sohlmann, Jan-Henning"]
[Black "Aulich, Marcell"]
[Result "0-1"]
[WhiteElo "2230"]
[BlackElo "2160"]
[PlyCount "74"]
[EventDate "2017.??.??"]

1. c4 Nf6 2. Nc3 e6 3. e4 d5 4. e5 d4 5. Nb1 Nfd7 6. Nf3 Nc6 7. Qe2 g5 8. h3
Bg7 9. d3 h6 10. g3 Ndxe5 11. Nxe5 Nxe5 12. Bg2 Ng6 13. b4 Qd6 14. O-O O-O 15.
c5 Qe5 16. Qc2 f5 17. Nd2 Qf6 18. b5 Rb8 19. Qa4 a6 20. Nc4 Bd7 21. c6 axb5 22.
Qxb5 bxc6 23. Qa5 Rfc8 24. f4 gxf4 25. gxf4 Bf8 26. Qe1 Bd6 27. a4 Kh7 28. Kh2
Rg8 29. Bh1 e5 30. a5 exf4 31. Nxd6 Qxd6 32. Ba3 c5 33. Bf3 Ne5 34. Qd1 Qg6 35.
Ra2 Qg3+ 36. Kh1 Nxf3 37. Rxf3 Bc6 0-1

[Event "SV Horst-Emscher 1 - SV Welper 1"]
[Site "Regionalliga 2017/2018"]
[Date "2017.12.10"]
[Round "4.2"]
[White "Baerwolf, Steven"]
[Black "Fuellgrabe, Thomas"]
[Result "1-0"]
[WhiteElo "2175"]
[BlackElo "2223"]
[PlyCount "197"]
[EventDate "2017.??.??"]

1. e4 e5 2. Nf3 Nc6 3. Bb5 a6 4. Ba4 Nf6 5. O-O Be7 6. Re1 b5 7. Bb3 d6 8. c3
O-O 9. h3 Nb8 10. d4 Nbd7 11. Nbd2 Bb7 12. Qc2 exd4 13. cxd4 c5 14. a4 d5 15.
e5 Ne4 16. Bxd5 Bxd5 17. Nxe4 cxd4 18. axb5 axb5 19. Rxa8 Qxa8 20. Nxd4 Rc8 21.
Nc3 b4 22. Qf5 bxc3 23. Qxd7 Bb4 24. e6 fxe6 25. Nxe6 Qb7 26. Qxb7 Bxb7 27.
bxc3 Bxc3 28. Rd1 Bf6 29. Be3 Ra8 30. Bd4 Kf7 31. Bxf6 Kxe6 32. Bg5 Bd5 33.
Re1+ Kf7 34. Re7+ Kf8 35. Rd7 Be6 36. Rc7 Ra5 37. Be7+ Kg8 38. Bb4 Rd5 39. Re7
Bf7 40. Bc3 Rd6 41. Rc7 h6 42. f4 Rd1+ 43. Kf2 Rc1 44. g4 Rh1 45. Kg2 Bd5+ 46.
Kg3 Bf7 47. f5 Rg1+ 48. Kf2 Rh1 49. Kg2 Bd5+ 50. Kg3 Rg1+ 51. Kf2 Rg2+ 52. Kf1
Rg3 53. Rxg7+ Kf8 54. Rc7 Rxh3 55. f6 Rf3+ 56. Ke2 Rf4 57. Rg7 Be6 58. Bb2
Bxg4+ 59. Ke3 Rf3+ 60. Ke4 Bh5 61. Be5 Rf1 62. Bd6+ Ke8 63. Re7+ Kf8 64. Re5+
Kf7 65. Rxh5 Rxf6 66. Bf4 Ra6 67. Bxh6 Ra4+ 68. Kf3 Kg6 69. Rh1 Kf5 70. Be3 Ra3
71. Rh5+ Kg6 72. Rd5 Ra4 73. Bd4 Kf7 74. Ke4 Ke6 75. Rb5 Ra2 76. Rb6+ Kd7 77.
Kd5 Rd2 78. Rb7+ Kc8 79. Rh7 Rd1 80. Kc5 Rc1+ 81. Kb5 Rc7 82. Rh6 Rd7 83. Bc5
Rf7 84. Kc6 Rc7+ 85. Kd5 Rd7+ 86. Bd6 Rg7 87. Kc6 Rc7+ 88. Kd5 Rg7 89. Rh8+ Kd7
90. Ra8 Rf7 91. Rb8 Rf5+ 92. Be5 Rf7 93. Ra8 Rf2 94. Ra7+ Kc8 95. Rc7+ Kd8 96.
Ke6 Rd2 97. Rc3 Re2 98. Rc1 Re3 99. Rb1 1-0

[Event "SV Horst-Emscher 1 - SV Welper 1"]
[Site "Regionalliga 2017/2018"]
[Date "2017.12.10"]
[Round "4.3"]
[White "Kemna, Guido"]
[Black "Kroeger, Fabian"]
[Result "0-1"]
[WhiteElo "2153"]
[BlackElo "2212"]
[PlyCount "108"]
[EventDate "2017.??.??"]

1. e4 c5 2. Nf3 g6 3. g3 Bg7 4. Bg2 Nc6 5. O-O e5 6. d3 Nge7 7. Be3 d6 8. Nc3
O-O 9. h3 f5 10. Nd5 Nxd5 11. exd5 Ne7 12. c4 f4 13. Bd2 Nf5 14. g4 Nh4 15. Bc3
Nxf3+ 16. Bxf3 Qh4 17. Kg2 h5 18. Rh1 Bd7 19. Qe2 hxg4 20. hxg4 Qg5 21. Rae1
Bxg4 22. Reg1 Bxf3+ 23. Kxf3 Qf5 24. Rg4 Kf7 25. Rhg1 Rh8 26. Qf1 Rae8 27. Ke2
Rh6 28. Rg5 f3+ 29. Kd2 Qf4+ 30. Kc2 Bf6 31. R5g4 Qf5 32. Bd2 Rh2 33. Rxg6 e4
34. Be3 Qe5 35. Qc1 exd3+ 36. Kb3 b5 37. Bf4 bxc4+ 38. Ka3 Qxb2+ 39. Qxb2 Bxb2+
40. Kxb2 Rxf2+ 41. Ka3 Ree2 42. Ka4 Rxa2+ 43. Kb5 Rfb2+ 44. Kxc4 f2 45. Rg7+
Kf6 46. R1g6+ Kf5 47. Bxd6 Ra4+ 48. Kxc5 d2 49. Rg5+ Ke4 50. Rg4+ Kd3 51. Rxa4
Rc2+ 52. Kb5 d1=Q 53. Rg3+ Ke2 54. Re4+ Kf1 0-1

[Event "SV Horst-Emscher 1 - SV Welper 1"]
[Site "Regionalliga 2017/2018"]
[Date "2017.12.10"]
[Round "4.4"]
[White "Ahling, Michael"]
[Black "Adiyaman, Rene"]
[Result "1-0"]
[WhiteElo "2106"]
[BlackElo "2115"]
[PlyCount "65"]
[EventDate "2017.??.??"]

1. d4 d5 2. Bf4 e6 3. e3 Nf6 4. Nd2 Bd6 5. Bg3 O-O 6. Ngf3 c5 7. c3 b6 8. Ne5
Bb7 9. Bd3 Nc6 10. f4 Ne7 11. Bh4 Nf5 12. Bxf5 exf5 13. Qc2 g6 14. O-O-O Be7
15. h3 Ne4 16. Bxe7 Qxe7 17. Nxe4 fxe4 18. Kb1 c4 19. Rdf1 f6 20. Ng4 f5 21.
Ne5 b5 22. g4 Bc8 23. g5 a5 24. h4 Bd7 25. h5 Be8 26. hxg6 Bxg6 27. Rh6 Kg7 28.
Rfh1 Rh8 29. R1h3 Rag8 30. Qh2 Qe8 31. Nxg6 hxg6 32. Rh7+ Rxh7 33. Rxh7+ 1-0

[Event "SV Horst-Emscher 1 - SV Welper 1"]
[Site "Regionalliga 2017/2018"]
[Date "2017.12.10"]
[Round "4.5"]
[White "Bastians, Felix"]
[Black "Buschmann, Andreas"]
[Result "1/2-1/2"]
[WhiteElo "2099"]
[BlackElo "2010"]
[Annotator "Daniel"]
[PlyCount "182"]
[EventDate "2017.??.??"]

1. Nf3 g6 2. g3 Bg7 3. Bg2 e5 4. d3 d6 5. O-O f5 6. e4 fxe4 7. Ng5 Nf6 8. Nxe4
Nxe4 9. dxe4 O-O 10. h4 Be6 11. Be3 Nc6 12. Nd2 Qd7 13. c3 a5 14. a4 Rf7 15.
Qe2 Raf8 16. Qb5 Kh8 17. Rad1 b6 18. Kh2 Nd8 19. Qxd7 Rxd7 20. Bh3 Bxh3 21.
Kxh3 Ne6 22. Nc4 Rfd8 23. Rd5 Rf7 24. Kg2 Rdf8 25. f3 h5 26. Rf2 Kh7 $11 27.
Nxb6 cxb6 28. Bxb6 Nc5 29. Rxd6 Nxa4 30. Bxa5 Ra8 31. Rd5 Rb7 32. Bb4 Bf8 33.
b3 Bxb4 34. cxb4 Nc3 35. Rc5 Nb5 36. Rxe5 Nd4 37. Rd2 Rxb4 38. Re7+ Kg8 39. Rd7
Ne6 40. Re7 Nf8 41. Rd3 Rab8 42. f4 Rxb3 43. Rxb3 Rxb3 44. Kf2 Rd3 45. Kg2 Nd7
46. Re8+ Kf7 47. Rd8 Ke7 48. Rg8 Nf8 49. Rg7+ Kf6 50. Rc7 Ne6 51. Rc6 Re3 52.
Rc4 Nf8 53. Rc6+ Ke7 54. f5 gxf5 55. exf5 Nd7 56. Rc7 Rd3 57. g4 hxg4 58. h5
Kd6 59. Rc8 Ra3 60. Re8 Ne5 61. h6 Rh3 62. Re6+ Kd5 63. Kg1 Rh5 64. Ra6 Rxf5
65. Ra5+ Ke4 66. Ra4+ Kf3 67. h7 Rh5 68. Ra5 Kf4 69. Ra4+ Kf5 70. Ra7 Kg6 71.
Re7 Nf3+ 72. Kg2 Rxh7 73. Re4 Kf5 74. Ra4 Rd7 75. Kg3 Rd3 76. Rf4+ Ke6 77. Kxg4
Ne5+ 78. Kg5 Rg3+ 79. Kh5 Rg1 80. Rf2 Ng4 81. Ra2 Kf5 82. Kh4 Ne5 83. Rf2+ Ke4
84. Rf6 Ng4 85. Rf8 Nh6 86. Kh3 Nf5 87. Ra8 Rg3+ 88. Kh2 Rg7 89. Kh3 Kf3 90.
Ra3+ Ne3 91. Kh4 Rg8 1/2-1/2

[Event "SV Horst-Emscher 1 - SV Welper 1"]
[Site "Regionalliga 2017/2018"]
[Date "2017.12.10"]
[Round "4.6"]
[White "Becker, Marco"]
[Black "Linde, Wolfgang"]
[Result "0-1"]
[WhiteElo "2018"]
[BlackElo "2078"]
[PlyCount "102"]
[EventDate "2017.??.??"]

1. e4 e5 2. Nf3 Nc6 3. Bc4 Bc5 4. O-O d6 5. c3 Nf6 6. d3 a6 7. Bb3 O-O 8. Nbd2
h6 9. Re1 Re8 10. Nf1 Ba7 11. Be3 Be6 12. Bxa7 Rxa7 13. Ne3 Ra8 14. Qc2 Bxb3
15. Qxb3 Rb8 16. Rad1 Ne7 17. Nh4 Qc8 18. Rd2 Qe6 19. Qxe6 fxe6 20. g3 g5 21.
Nhg2 Ng6 22. f3 b5 23. Kf2 Rf8 24. Ke2 b4 25. cxb4 Rxb4 26. Rc1 c5 27. Rc4 Rb7
28. Ra4 Ra7 29. Rc2 Ne7 30. Rcc4 Nd7 31. Rc1 Nb6 32. Ra3 Nc6 33. Nc2 a5 34.
Nge3 a4 35. Rc3 Nd4+ 36. Kf2 Rxf3+ 37. Kg2 Rf8 38. Re1 Nb5 39. Na3 Nxc3 40.
bxc3 Raf7 41. Re2 Rb8 42. c4 Nc8 43. Nb5 Rb6 44. Nc2 Na7 45. Nca3 Kf8 46. Re1
Nxb5 47. cxb5 Ke7 48. Rc1 g4 49. Rc2 Rf3 50. Rb2 d5 51. Rd2 c4 0-1

[Event "SV Horst-Emscher 1 - SV Welper 1"]
[Site "Regionalliga 2017/2018"]
[Date "2017.12.10"]
[Round "4.7"]
[White "Schaller, Fabian"]
[Black "Goeldenboog, Juergen"]
[Result "1/2-1/2"]
[WhiteElo "1985"]
[BlackElo "1814"]
[Annotator "Daniel"]
[PlyCount "111"]
[EventDate "2017.??.??"]

1. d4 Nf6 2. c4 g6 3. Nc3 Bg7 4. e4 d6 5. h3 e6 6. Bg5 c6 7. Nf3 h6 8. Be3 Qe7
9. Bd3 b6 10. Qd2 Ba6 11. O-O d5 12. cxd5 Bxd3 13. Qxd3 exd5 14. exd5 O-O 15.
dxc6 Nxc6 16. Rac1 Rac8 17. a3 Rfd8 18. Rfd1 Qd7 19. b4 Nd5 20. Nxd5 Qxd5 21.
Kh1 g5 22. b5 Ne5 23. Nxe5 Rxc1 24. Rxc1 Qxe5 25. Rc8 Qd5 26. Rxd8+ Qxd8 27.
Qc4 Qd6 28. a4 Bf8 29. d5 Qe5 30. g3 Bd6 31. Kg2 h5 32. Qd4 Qf5 33. g4 hxg4 34.
hxg4 Qh7 35. Bxg5 Qh2+ 36. Kf3 Bc5 37. Qd2 Qh3+ 38. Kf4 Bd6+ 39. Ke4 Qxg4+ 40.
f4 f5+ 41. Kd3 Qf3+ 42. Kc2 Qe4+ 43. Kb3 Qb1+ 44. Kc4 Qa1 45. Qc2 Qa3 46. Qb3
Qc1+ 47. Qc3 Qd1 48. Qb3 Qe1 49. Qc3 Qe4+ 50. Kb3 Bc5 51. Qc4 Qb1+ 52. Kc3 $11
Qc1+ 53. Kb3 Qd1+ 54. Kc3 Qe1+ 55. Kb3 Qb1+ 56. Kc3 1/2-1/2

[Event "SV Horst-Emscher 1 - SV Welper 1"]
[Site "Regionalliga 2017/2018"]
[Date "2017.12.10"]
[Round "4.8"]
[White "Jacubowski, Andreas"]
[Black "Schaller, Torsten"]
[Result "1/2-1/2"]
[WhiteElo "1877"]
[BlackElo "1972"]
[PlyCount "74"]
[EventDate "2017.??.??"]

1. e4 c5 2. Nf3 e6 3. c4 Nc6 4. Nc3 Nf6 5. g3 d5 6. cxd5 exd5 7. exd5 Nxd5 8.
Qe2+ Be7 9. Bg2 O-O 10. O-O Ndb4 11. Ne1 Nd4 12. Qd1 Bf5 13. Be4 Bxe4 14. Nxe4
Qd5 15. Nc3 Qf5 16. d3 Rad8 17. Be3 c4 18. Bxd4 Rxd4 19. Qe2 Bf6 20. dxc4 Rfd8
21. Nf3 Rd3 22. Kg2 g5 23. Rfd1 Bxc3 24. bxc3 Nc6 25. Rxd3 Rxd3 26. Rc1 g4 27.
Nh4 Qd7 28. Qe4 Ne7 29. Re1 Qc6 30. Qxc6 Nxc6 31. Nf5 h5 32. Ne7+ Kg7 33. Nxc6
bxc6 34. Re5 Kg6 35. Rc5 Rd6 36. Ra5 Rd7 37. Rc5 Rd6 1/2-1/2

[Event "Weiße Dame Borbeck 1 - SV Wattenscheid "]
[Site "Regionalliga 2017/2018"]
[Date "2017.12.10"]
[Round "4.1"]
[White "Buchenthal, Dieter"]
[Black "Loyen, Egbert"]
[Result "1/2-1/2"]
[WhiteElo "2111"]
[BlackElo "2176"]
[PlyCount "60"]
[EventDate "2017.??.??"]

1. c4 g6 2. Nc3 Bg7 3. g3 d6 4. Bg2 Nf6 5. d4 O-O 6. Nf3 Nbd7 7. O-O e5 8. Be3
Ng4 9. Bg5 f6 10. Bd2 c6 11. Qc1 f5 12. Bg5 Qe8 13. d5 e4 14. Ne1 Nde5 15. f3
exf3 16. exf3 Nf6 17. dxc6 bxc6 18. b3 Bb7 19. Qa3 Qe7 20. Rd1 Rfd8 21. Nc2 h6
22. Be3 Bf8 23. Rfe1 Qf7 24. c5 dxc5 25. Rxd8 Rxd8 26. Qxa7 Ra8 27. Qb6 Qd7 28.
f4 Ra6 29. Qxa6 Bxa6 30. fxe5 Nd5 1/2-1/2

[Event "Weiße Dame Borbeck 1 - SV Wattenscheid "]
[Site "Regionalliga 2017/2018"]
[Date "2017.12.10"]
[Round "4.2"]
[White "Hillenbrand, Michael"]
[Black "Schroeder, Wilfried"]
[Result "1-0"]
[WhiteElo "2101"]
[BlackElo "2166"]
[PlyCount "85"]
[EventDate "2017.??.??"]

1. c4 e6 2. Nf3 d5 3. e3 Nf6 4. b3 Be7 5. Bb2 O-O 6. Be2 b6 7. O-O Bb7 8. d4 c5
9. cxd5 Nxd5 10. Nbd2 Nc6 11. Nc4 cxd4 12. Nxd4 Bf6 13. Rc1 Nxd4 14. Bxd4 Qe7
15. Ne5 Rac8 16. Qd2 Rfd8 17. Rxc8 Rxc8 18. Rc1 Qd6 19. Rxc8+ Bxc8 20. Nc4 Qe7
21. Bf3 Bb7 22. h3 Bxd4 23. Qxd4 h6 24. Qe5 Bc6 25. Qb8+ Kh7 26. Nd6 Nb4 27.
Nc8 Qd8 28. Bxc6 Nxc6 29. Qb7 Na5 30. Qe4+ g6 31. Nxa7 Qd1+ 32. Kh2 Qd7 33. Qa8
Qc7+ 34. g3 Qc2 35. Kg2 Qxa2 36. Qf8 Qxb3 37. Qxf7+ Kh8 38. Qf6+ Kh7 39. Qf7+
Kh8 40. Qxg6 Qd5+ 41. e4 Qd7 42. Qxh6+ Kg8 43. Qg5+ 1-0

[Event "Weiße Dame Borbeck 1 - SV Wattenscheid "]
[Site "Regionalliga 2017/2018"]
[Date "2017.12.10"]
[Round "4.4"]
[White "Dewenter, Ulf"]
[Black "Lang, Daniel"]
[Result "1/2-1/2"]
[WhiteElo "2120"]
[BlackElo "2058"]
[PlyCount "50"]
[EventDate "2017.??.??"]

1. e4 c6 2. d4 d5 3. exd5 cxd5 4. Bd3 Nf6 5. c3 Nc6 6. Bf4 Qb6 7. Qb3 Qxb3 8.
axb3 Nh5 9. Be3 e6 10. Nf3 Bd6 11. O-O O-O 12. b4 Nf4 13. Bxf4 Bxf4 14. Nbd2
Bd7 15. Ra2 e5 16. b5 e4 17. bxc6 Bxc6 18. Be2 exf3 19. Nxf3 Rae8 20. Bd3 Bb8
21. Raa1 Re7 22. Rfe1 Rfe8 23. Rxe7 Rxe7 24. Kf1 h6 25. Re1 Rxe1+ 1/2-1/2

[Event "Weiße Dame Borbeck 1 - SV Wattenscheid "]
[Site "Regionalliga 2017/2018"]
[Date "2017.12.10"]
[Round "4.6"]
[White "Korste, Sebastian"]
[Black "Schlange, Stefan"]
[Result "0-1"]
[WhiteElo "1916"]
[BlackElo "2076"]
[PlyCount "72"]
[EventDate "2017.??.??"]

1. c4 e5 2. Nc3 Nc6 3. e3 g6 4. g3 Bg7 5. Bg2 d6 6. Nge2 Be6 7. d3 Qd7 8. Nd5
Nd8 9. h4 c6 10. Ndc3 f5 11. Rb1 Nf6 12. b3 O-O 13. Ba3 Bf7 14. b4 Nh5 15. b5
Be6 16. Bh3 Nf7 17. Qb3 Rac8 18. bxc6 bxc6 19. f4 Rfe8 20. O-O Qe7 21. Kg2 h6
22. d4 exf4 23. exf4 g5 24. fxg5 hxg5 25. Bxf5 gxh4 26. Bc1 Qd7 27. g4 Nf6 28.
d5 Bxf5 29. gxf5 cxd5 30. cxd5 Ng4 31. Bd2 Ne3+ 32. Bxe3 Rxe3 33. Rbc1 Qe7 34.
Rf3 Qg5+ 35. Kf2 Rxf3+ 36. Kxf3 Ne5+ 0-1

[Event "Weiße Dame Borbeck 1 - SV Wattenscheid "]
[Site "Regionalliga 2017/2018"]
[Date "2017.12.10"]
[Round "4.8"]
[White "Kindermann, Carsten"]
[Black "Wolf, Ulrich"]
[Result "1/2-1/2"]
[WhiteElo "1918"]
[BlackElo "2050"]
[PlyCount "64"]
[EventDate "2017.??.??"]

1. e4 c5 2. Nf3 d6 3. Bb5+ Nc6 4. O-O Bd7 5. c3 Nf6 6. Re1 a6 7. Ba4 b5 8. Bc2
Bg4 9. h3 Bxf3 10. Qxf3 e5 11. d3 g6 12. Bg5 Bg7 13. Nd2 h6 14. Be3 O-O 15. Nf1
Rc8 16. Rac1 b4 17. g4 Ne8 18. Qg3 bxc3 19. bxc3 Nc7 20. Bb3 Na5 21. Bc2 Rb8
22. Rb1 Nb5 23. Bd2 Na3 24. Rxb8 Qxb8 25. Bd1 Qb2 26. c4 Nc6 27. Bb3 Nd4 28.
Bc1 Ne2+ 29. Rxe2 Qxc1 30. Qe3 Qc3 31. Qd2 Qxd2 32. Rxd2 f5 1/2-1/2

[Event "SC Hansa Dortmund 2 - SV Ahlen 1"]
[Site "Regionalliga 2017/2018"]
[Date "2017.12.10"]
[Round "4.1"]
[White "Steinle, Carsten"]
[Black "Sundorf, Jannik"]
[Result "1-0"]
[WhiteElo "2167"]
[BlackElo "2113"]
[PlyCount "55"]
[EventDate "2017.??.??"]

1. Nf3 d5 2. d4 Nf6 3. g3 c6 4. Bg2 Bg4 5. O-O e6 6. b3 Nbd7 7. Bb2 Bxf3 8.
Bxf3 Be7 9. Nd2 O-O 10. c4 a5 11. e4 Bb4 12. e5 Ne8 13. Nb1 a4 14. a3 Be7 15.
cxd5 cxd5 16. b4 Nb6 17. Nd2 Bg5 18. Be2 Bxd2 19. Qxd2 Nc4 20. Bxc4 dxc4 21. b5
Nc7 22. Qb4 Qd5 23. Rfc1 Qxb5 24. Qxb5 Nxb5 25. Rxc4 Rfc8 26. Rac1 Rxc4 27.
Rxc4 Kf8 28. Rc5 1-0

[Event "SC Hansa Dortmund 2 - SV Ahlen 1"]
[Site "Regionalliga 2017/2018"]
[Date "2017.12.10"]
[Round "4.2"]
[White "Berndt, Joachim"]
[Black "Torres-Kuckel, Rafael"]
[Result "1/2-1/2"]
[WhiteElo "2040"]
[BlackElo "2099"]
[PlyCount "36"]
[EventDate "2017.??.??"]

1. Nf3 Nf6 2. e3 g6 3. d4 Bg7 4. c4 d6 5. Be2 O-O 6. Nc3 Nbd7 7. O-O e5 8. Qc2
Re8 9. Rd1 b6 10. b4 exd4 11. Nxd4 Bb7 12. Bf3 Bxf3 13. Nxf3 a5 14. b5 Ne4 15.
Bb2 Nxc3 16. Bxc3 Bxc3 17. Qxc3 Qf6 18. Qxf6 Nxf6 1/2-1/2

[Event "SC Hansa Dortmund 2 - SV Ahlen 1"]
[Site "Regionalliga 2017/2018"]
[Date "2017.12.10"]
[Round "4.3"]
[White "Volesky, Karl-Heinz"]
[Black "Prueske, Wolfgang"]
[Result "1-0"]
[WhiteElo "2050"]
[BlackElo "1961"]
[PlyCount "61"]
[EventDate "2017.??.??"]

1. e4 c6 2. d4 d5 3. f3 g6 4. Nc3 Bg7 5. Be3 Qb6 6. Na4 Qa5+ 7. c3 Nf6 8. b4
Qd8 9. e5 Nfd7 10. Qd2 a5 11. b5 cxb5 12. Bxb5 Nc6 13. Bh6 O-O 14. Rb1 e6 15.
h4 f6 16. Bxg7 Kxg7 17. f4 Qe7 18. Nf3 Na7 19. Bxd7 Bxd7 20. Rxb7 Rab8 21. Rxa7
Rb1+ 22. Kf2 Rxh1 23. Nc5 Rd8 24. exf6+ Kxf6 25. f5 Kxf5 26. Nxd7 Rxd7 27. Rxd7
Qxd7 28. Qg5+ Ke4 29. Qe3+ Kf5 30. Qe5+ Kg4 31. Qg5# 1-0

[Event "SC Hansa Dortmund 2 - SV Ahlen 1"]
[Site "Regionalliga 2017/2018"]
[Date "2017.12.10"]
[Round "4.4"]
[White "Linker, Walter"]
[Black "Woestmann, Ulrich"]
[Result "1/2-1/2"]
[WhiteElo "2027"]
[BlackElo "2001"]
[PlyCount "72"]
[EventDate "2017.??.??"]

1. f4 d5 2. b3 c5 3. e3 a6 4. Nf3 Nc6 5. Bb2 Bg4 6. Be2 Nf6 7. O-O e6 8. d3 Be7
9. Nbd2 O-O 10. Qe1 Nb4 11. Bd1 Rc8 12. a3 Nc6 13. Qg3 b5 14. Be2 Bxf3 15. Bxf3
c4 16. dxc4 bxc4 17. Rab1 Qb6 18. Rfe1 c3 19. Bxc3 Qc5 20. Bb2 Qxc2 21. Red1
Rfd8 22. Kh1 Qg6 23. Qxg6 hxg6 24. b4 Na7 25. Rdc1 Nb5 26. Be2 Ne8 27. Nb3 Bf6
28. Nd4 Ned6 29. a4 Nxd4 30. Bxd4 Bxd4 31. exd4 Nc4 32. Kg1 Kf8 33. Kf2 Ke7 34.
Rc3 Nd2 35. Rxc8 Rxc8 36. Rb2 Nc4 1/2-1/2

[Event "SC Hansa Dortmund 2 - SV Ahlen 1"]
[Site "Regionalliga 2017/2018"]
[Date "2017.12.10"]
[Round "4.5"]
[White "Busche, Klaus"]
[Black "Hillebrand, Carsten"]
[Result "1-0"]
[WhiteElo "1947"]
[BlackElo "1849"]
[PlyCount "149"]
[EventDate "2017.??.??"]

1. d4 Nf6 2. Nc3 d5 3. Bf4 g6 4. Qd2 c6 5. Nf3 Nbd7 6. Bh6 Qc7 7. Bxf8 Nxf8 8.
e3 Ne6 9. Be2 Ng7 10. O-O O-O 11. h3 Nf5 12. Qc1 Kg7 13. Nb1 Nd6 14. Nbd2 Nfe4
15. Nxe4 dxe4 16. Nd2 f5 17. c4 Nf7 18. Qc3 Qd6 19. c5 Qf6 20. f4 exf3 21. Nxf3
Kg8 22. e4 Qg7 23. Bc4 Kh8 24. Bxf7 Rxf7 25. exf5 gxf5 26. Qe3 f4 27. Qe5 Rf5
28. Qxg7+ Kxg7 29. Rae1 e6 30. Nh4 Rf6 31. Re4 Bd7 32. Rfxf4 Rxf4 33. Rxf4 Be8
34. Nf3 Bg6 35. Ne5 Rd8 36. Kf2 Re8 37. Ke3 Re7 38. Rf1 Be8 39. a4 b6 40. cxb6
axb6 41. Rc1 Ra7 42. b3 Rb7 43. Rc3 Kf6 44. Ke4 c5 45. Rf3+ Ke7 46. Rg3 Kf6 47.
Ng4+ Ke7 48. dxc5 bxc5 49. Ke5 c4 50. bxc4 Ra7 51. Ne3 Ra5+ 52. Kd4 Bg6 53. Ng4
Kd6 54. Ra3 e5+ 55. Kc3 h5 56. Kb4 Ra7 57. Ne3 Be4 58. g4 hxg4 59. hxg4 Rb7+
60. Kc3 Ra7 61. a5 Kc5 62. Ra1 Ra6 63. Nf5 Rg6 64. Ne3 Ra6 65. Nd5 Bxd5 66.
cxd5 Kxd5 67. Kb4 e4 68. Kb5 Ra8 69. a6 Rb8+ 70. Ka5 Kc6 71. Rc1+ Kd7 72. a7
Ra8 73. Kb6 Ke6 74. Kb7 Rxa7+ 75. Kxa7 1-0

[Event "SC Hansa Dortmund 2 - SV Ahlen 1"]
[Site "Regionalliga 2017/2018"]
[Date "2017.12.10"]
[Round "4.6"]
[White "Krueger, Simon"]
[Black "Starp, Klaus"]
[Result "1/2-1/2"]
[WhiteElo "1966"]
[BlackElo "1928"]
[Annotator "Daniel"]
[PlyCount "79"]
[EventDate "2017.??.??"]

1. Nf3 c5 2. g3 g6 3. Bg2 Bg7 4. O-O Nc6 5. c3 e5 6. d3 Nge7 7. Nbd2 O-O 8. Ne4
d6 9. Bg5 f6 10. Bd2 Be6 11. c4 b6 12. Nc3 Qd7 13. a3 Bh3 14. Rb1 Bxg2 15. Kxg2
Kh8 16. e4 f5 17. Nd5 fxe4 18. dxe4 Nxd5 19. cxd5 Nd4 $11 20. Nxd4 exd4 21. Qe2
b5 22. b3 Rac8 23. Rbc1 a6 24. h4 h5 25. f3 Rf7 26. Rc2 Rcf8 27. Bc1 Kh7 28.
Ra2 Qc8 29. Rc2 Rc7 30. Bf4 Qd7 31. Bg5 Rfc8 32. Rfc1 Kg8 33. Qd3 Kh7 34. Qe2
Kg8 35. Bf4 Kh7 36. Qd3 Re8 37. Re2 Be5 38. Bg5 Rcc8 39. Rec2 Bg7 40. Qe2
1/2-1/2